Лесной журнал (Запись № 2632407)

Подробности
000 -МАРКЕР
контрольное поле 05331nas1a22008891i 4500
001 - ИДЕНТИФИКАТОР ЗАПИСИ
контрольное поле RU\NLR\INFOCOMM4\1000554090
005 - ИДЕНТИФИКАТОР ВЕРСИИ
контрольное поле 20240726035651.0
035 ## - ДРУГИЕ СИСТЕМНЫЕ НОМЕРА
Идентификатор записи (NLR Aleph) 002505567
100 ## - ДАННЫЕ ОБЩЕЙ ОБРАБОТКИ
Данные общей обработки 20040421b18711918|||y0rusy50 ca
101 0# - ЯЗЫК РЕСУРСА
Язык текста, звукозаписи и т.д. русский
102 ## - СТРАНА ПУБЛИКАЦИИ ИЛИ ПРОИЗВОДСТВА
Страна публикации Российская Федерация
110 ## - ПОЛЕ КОДИРОВАННЫХ ДАННЫХ: ПРОДОЛЖАЮЩИЕСЯ РЕСУРСЫ
Кодированные данные продолжающегося ресурса ayu||||0|y0
200 1# - ЗАГЛАВИЕ И СВЕДЕНИЯ ОБ ОТВЕТСТВЕННОСТИ
Основное заглавие Лесной журнал
Сведения, относящиеся к заглавию Изд. Лесного о-ва
210 ## - ПУБЛИКАЦИЯ, РАСПРОСТРАНЕНИЕ И ДР.
Место издания, распространения и т.д. СПб.
Дата издания, распространения и т.д. 1871-1918
320 ## - ПРИМЕЧАНИЯ О НАЛИЧИИ В ДОКУМЕНТЕ БИБЛИОГРАФИИ / УКАЗАТЕЛЯ
Текст примечания Общее оглавление 1 тома "Лесного журнала", издаваемого Лесным обществом ( 1871 г. Вып.1, 2, 3, 1872 г. Вып.1, 2, 3, 4, 5, 6, ) (В журн. ...1872 Вып.6 VIс. 2-ой паг.)
320 ## - ПРИМЕЧАНИЯ О НАЛИЧИИ В ДОКУМЕНТЕ БИБЛИОГРАФИИ / УКАЗАТЕЛЯ
Текст примечания Мельников, А. Указатель Лесного журнала, издаваемого С.-Петербургским лесным обществом за пять лет, 1891-1895 г. Спб., 1896 Приплетено к ... 1896 Вып.1
320 ## - ПРИМЕЧАНИЯ О НАЛИЧИИ В ДОКУМЕНТЕ БИБЛИОГРАФИИ / УКАЗАТЕЛЯ
Текст примечания Даниель-Беков, Г. Г. Систематический указатель Лесного журнала, издаваемого С.-Петербургским лесным обществом за пять лет. 1896-1900 г.г. Спб., 1900 Приплетено к ... 1901 вып.1, 6
320 ## - ПРИМЕЧАНИЯ О НАЛИЧИИ В ДОКУМЕНТЕ БИБЛИОГРАФИИ / УКАЗАТЕЛЯ
Текст примечания Печникова, С. С. и Стельмахович, М. Л. Систематический указатель Лесного журнала, издаваемого Петербургским лесным обществом за 13 лет 1906-1918 г. Казань, 1926. (В журн.: Известия Казанск. ин-та сельского хозяйства и лесоводства 1926, Вып.5) (Шифр: П14/186)
712 02 - НАИМЕНОВАНИЕ ОРГАНИЗАЦИИ - ВТОРИЧНАЯ ОТВЕТСТВЕННОСТЬ
Начальный элемент ввода Петербургское лесное общество
Код отношения Прочие
801 #1 - ИСТОЧНИК ЗАПИСИ
Страна Российская Федерация
Организация InfoComm
Дата составления 20040421
801 #0 - ИСТОЧНИК ЗАПИСИ
Страна Российская Федерация
Организация NLR
Правила каталогизации PSBO
852 ## - МЕСТОНАХОЖДЕНИЕ И ШИФР ХРАНЕНИЯ
Идентификатор организации NLR
Шифр хранения (Call Number) 1/247
942 ## - ДОПОЛНИТЕЛЬНЫЕ ЭЛЕМЕНТЫ ЗАПИСИ (АБИС)
Тип экземпляра АБИС Журнал
980 ## - КОЛЛЕКЦИЯ
Название коллекции Русская периодика

Нет доступных экземпляров.